000
00245nam a2200097Ia 4500
001
987825
005
20250826221126.0
008
250824s9999 xx 000 0 und d
245
0
_a
GÜMÜŞ ŞİMŞEK
_c
ARTHUR CONAN DOYLE
260
_b
DOKUZ YAYINLARI
999
_c
987825
_d
987825